000 00604nam a22001937a 4500
003 OSt
005 20140310181711.0
008 121208t xxu||||| |||| 00| 0 eng d
020 _a9711010526
050 _aPL 6061
_b.B352 2000
082 _2FIL 809.31
_b F66 2000
100 _aFlores-Bautista, Paulina
245 _aAng maikling kuwento bilang isang sining :
_bpamamaraan sa pagsulat nito sa paningin ng isang Pilipino /
_cPaulina Flores-Bautista.
260 _aQuezon City, Philipines :
_bNew Day,
_cc2000.
300 _aiv, 66 p. :
_c23 cm.
562 _e1
942 _2lcc
_cBK
999 _c1565
_d1565